00485pab a2200169 454500008004000000100001800040245011700058260000900175300001300184362000800197650002900205650002200234650001400256700001600270700001200286773001700298180718b2005 xxu||||| |||| 00| 0 eng d aBardhan, N.B. aThe trends of use of improvised explosive devices in terrorist activities in India: report based on case studies c2005 ap.11-18. aJul aTerrorism - Case studies aTerrorism - India aTerrorism aChauhan, R. aDey, A. aCBI Bulletin